Poistenie v nezamestnanosti a garančné poistenie bakalárska práca

Guardado en:
Detalles Bibliográficos
Autor principal: Ganajová, Danka
Autor Corporativo: Podnikovohospodárska fakulta EU so sídlom v Košiciach. Katedra ekonómie
Otros Autores: Bačová, Monika
Formato: Libro
Lenguaje:eslovaco
Publicado: Košice 2009
Etiquetas: Agregar Etiqueta
Sin Etiquetas, Sea el primero en etiquetar este registro!

MARC

LEADER 00000nam$a2200000$$$4500
001 0106154
005 20240827092830.8
041 0 |a slo 
044 |a SK 
245 1 0 |a Poistenie v nezamestnanosti a garančné poistenie  |b bakalárska práca  |c Danka Ganajová ; škol. Monika Bačová 
264 1 |a Košice  |c 2009 
300 |a 68 s. 
100 1 |a Ganajová, Danka 
700 1 |a Bačová, Monika 
710 2 |a Podnikovohospodárska fakulta EU so sídlom v Košiciach. Katedra ekonómie